Una propuesta para la capacitación de los adultos mayores

I tiakina i:
Ngā taipitopito rārangi puna kōrero
Kaituhi matua: Pereira O., Andrés (Author)
Hōputu: Pukapuka
Reo:Pāniora
I whakaputaina: Santiago Comité Nacional para el Adulto Mayor 1999
Ngā marau:
Ngā Tūtohu: Tāpirihia he Tūtohu
Kāore He Tūtohu, Me noho koe te mea tuatahi ki te tūtohu i tēnei pūkete!

MARC

LEADER 00000nam a2200000 a 4500
001 UCO1376
003 CL-VaPUC
008 000512e19990000CL |||||||||||||||||spa|d
082 0 4 |a 305.26  |b PER  |2 21 
100 0 |a Pereira O., Andrés  |e author  |9 443436 
245 1 4 |a Una propuesta para la capacitación de los adultos mayores 
300 |a 29 p 
942 |c BK 
945 |d 20000512 00:00:00  |a rbrito 
260 |a Santiago  |b Comité Nacional para el Adulto Mayor  |c 1999 
650 0 |a Tercera edad   |9 307285 
650 0 |a Adulto mayor  |9 311317 
650 0 |a Calidad de vida   |9 322944 
650 0 |a Autoestima  |9 308492 
650 0 |a Vejez   |9 307287 
650 0 |a Ancianidad  |9 307286 
650 7 |a CAPACITACION LABORAL  |2 CL-VaPUC  |9 411356 
583 |a last modification  |c 20000512 00:00:00  |k Rodrigo Vera 
999 |c 288001  |d 287999 
952 |0 0  |1 0  |4 0  |6 305_260000000000000_PER_1999  |7 0  |8 A  |9 335159  |a BIBEDU  |b BIBEDU  |d 2019-11-20  |i 3613623  |o 305.26 PER 1999  |p 3613623  |r 2019-11-20  |w 2019-11-20  |y BK  |k BME